[Event "XXXV C.to Italiano femminile"]
[Site "Bratto - Castione della Presolana ITA"]
[Date "2008.08.29"]
[Round "8"]
[White "Monticone, Sonia"]
[Black "Greco, Sara"]
[Result "1/2-1/2"]
[WhiteElo "1787"]
[BlackElo "1715"]
[PlyCount "49"]
[EventDate "2008.08.22"]

1. c4 e5 2. Nc3 Nf6 3. g3 Nc6 4. Bg2 Be7 5. e3 O-O 6. Nge2 d6 7. O-O Be6 8. b3
Qc8 9. d4 exd4 10. Nxd4 Nxd4 11. Qxd4 Bh3 12. Bb2 Bxg2 13. Kxg2 c5 14. Qd2 Qe6
15. Rad1 Rad8 16. Nd5 Nxd5 17. Qxd5 b6 18. Qf3 Qg6 19. Rd2 Rd7 20. Rfd1 Qe6 21.
Rd5 f5 22. R1d2 Rdd8 23. R5d3 Bf6 24. Bxf6 Rxf6 25. Qd5 1/2-1/2

[Event "XXXV C.to Italiano femminile"]
[Site "Bratto - Castione della Presolana ITA"]
[Date "2008.08.29"]
[Round "8"]
[White "Tonel, Giulia"]
[Black "Panella, Fiammetta"]
[Result "1-0"]
[WhiteElo "1983"]
[BlackElo "2019"]
[PlyCount "63"]
[EventDate "2008.08.22"]

1. e4 c5 2. Nf3 d6 3. d4 cxd4 4. Qxd4 Nc6 5. Bb5 Bd7 6. Bxc6 Bxc6 7. Nc3 Nf6 8.
Bg5 e6 9. O-O-O Be7 10. Rhe1 O-O 11. Qd2 Qc7 12. Nd4 Rfd8 13. f3 Be8 14. g4
Rab8 15. h4 b5 16. Kb1 b4 17. Nce2 a5 18. Ng3 a4 19. Nh5 Nxh5 20. gxh5 b3 21.
cxb3 axb3 22. a3 d5 23. e5 Bb5 24. Rg1 Kh8 25. h6 g6 26. Qf4 Kg8 27. h5 Qd7 28.
Qe3 Bc4 29. Bxe7 Qxe7 30. Nc6 Qh4 31. Rh1 d4 32. Rxh4 1-0

[Event "XXXV C.to Italiano femminile"]
[Site "Bratto - Castione della Presolana ITA"]
[Date "2008.08.30"]
[Round "9"]
[White "Brunello, Roberta"]
[Black "Brunello, Marina"]
[Result "0-1"]
[WhiteElo "1939"]
[BlackElo "2072"]
[PlyCount "94"]
[EventDate "2008.08.22"]

1. e4 e5 2. Nf3 Nc6 3. d4 exd4 4. Nxd4 Bc5 5. Be3 Qf6 6. c3 Nge7 7. Bc4 b6 8.
O-O Bb7 9. f4 O-O 10. Nc2 Rad8 11. Nd2 Na5 12. Be2 Bxe3+ 13. Nxe3 d5 14. exd5
Nxd5 15. Ng4 Qe7 16. Rf2 h5 17. Ne5 Nxf4 18. Rxf4 Qxe5 19. Rf2 h4 20. Qc2 h3
21. Nf3 Qe3 22. Rd1 hxg2 23. Kxg2 Be4 24. Qc1 Qxc1 25. Rxc1 Rd2 26. Kf1 Rxb2
27. Bd1 Rxf2+ 28. Kxf2 Rd8 29. Ke3 Bd5 30. a4 Nc4+ 31. Kf2 Nd6 32. Bc2 Bxf3 33.
Kxf3 Nb7 34. Ke3 a5 35. Ke2 Nc5 36. Rf1 Rd6 37. Rf4 Kf8 38. Rc4 Ke7 39. Be4 Re6
40. Kf3 Nxe4 41. Rxe4 Rxe4 42. Kxe4 Ke6 43. c4 g5 44. Kd4 f5 45. c5 f4 46. cxb6
cxb6 47. Ke4 Kd6 0-1

[Event "XXXV C.to Italiano femminile"]
[Site "Bratto - Castione della Presolana ITA"]
[Date "2008.08.30"]
[Round "9"]
[White "Capuano, Francesca"]
[Black "Tonel, Giulia"]
[Result "1/2-1/2"]
[WhiteElo "1911"]
[BlackElo "1983"]
[PlyCount "44"]
[EventDate "2008.08.22"]

1. d4 c5 2. d5 f5 3. c4 Nf6 4. Nc3 g6 5. g3 Bg7 6. Bg2 d6 7. Nf3 O-O 8. O-O
Nbd7 9. e4 Nxe4 10. Nxe4 fxe4 11. Nd2 Ne5 12. Bxe4 Bg4 13. Qc2 Rb8 14. f4 Nd7
15. a4 Nf6 16. Bd3 Qd7 17. Ne4 Bh3 18. Nxf6+ Bxf6 19. Re1 b6 20. Be3 a6 21. Ra3
Bg7 22. Bd2 Rb7 1/2-1/2

[Event "XXXV C.to Italiano femminile"]
[Site "Bratto - Castione della Presolana ITA"]
[Date "2008.08.30"]
[Round "9"]
[White "Chierici, Marianna"]
[Black "Fittante, Giuliana"]
[Result "1-0"]
[WhiteElo "2037"]
[BlackElo "1833"]
[PlyCount "93"]
[EventDate "2008.08.22"]

1. e4 Nf6 2. e5 Nd5 3. d4 d6 4. Nf3 Bg4 5. c4 Nb6 6. exd6 exd6 7. Bd3 Nc6 8.
Be3 Be7 9. Nc3 Bf6 10. Ne2 Qe7 11. O-O Bxf3 12. gxf3 O-O 13. Rc1 Rad8 14. Kh1
Rfe8 15. Qc2 g6 16. a3 Bg7 17. Rg1 d5 18. c5 Nd7 19. Qb3 Qe6 20. Qxb7 Rb8 21.
Qxc7 Rec8 22. Qg3 Rxb2 23. h4 Rb3 24. Rcd1 Nf6 25. Nf4 Qd7 26. a4 Rb4 27. Bb5
Qf5 28. Qg5 Ne7 29. Qg2 Nh5 30. Bd3 Nxf4 31. Bxf5 Nxg2 32. Bxc8 Nxe3 33. fxe3
Nxc8 34. Rb1 Rxb1 35. Rxb1 Ne7 36. Rb8+ Bf8 37. Rb7 Nc6 38. Rc7 Nb4 39. Rxa7
Nc2 40. c6 Bd6 41. Rd7 Bg3 42. Kg2 Nb4 43. Kxg3 Nxc6 44. Rxd5 Kf8 45. Rc5 Ne7
46. a5 Ke8 47. a6 1-0

[Event "XXXV C.to Italiano femminile"]
[Site "Bratto - Castione della Presolana ITA"]
[Date "2008.08.30"]
[Round "9"]
[White "De Rosa, Mariagrazia"]
[Black "Di Cerbo, Giulia"]
[Result "1/2-1/2"]
[WhiteElo "2083"]
[BlackElo "1795"]
[PlyCount "34"]
[EventDate "2008.08.22"]

1. e4 e6 2. d4 d5 3. e5 c5 4. c3 Nc6 5. Nf3 Nh6 6. a3 Nf5 7. b4 cxd4 8. cxd4
Qb6 9. Be3 Bd7 10. Bd3 Be7 11. O-O O-O 12. Nc3 Nxe3 13. fxe3 f6 14. Na4 Qd8 15.
exf6 Bxf6 16. Nc5 Bc8 17. Rc1 Ne7 1/2-1/2

[Event "XXXV C.to Italiano femminile"]
[Site "Bratto - Castione della Presolana ITA"]
[Date "2008.08.30"]
[Round "9"]
[White "Greco, Sara"]
[Black "Leone, Clarissa"]
[Result "1/2-1/2"]
[WhiteElo "1715"]
[BlackElo "1793"]
[PlyCount "34"]
[EventDate "2008.08.22"]

1. e4 e5 2. Nf3 Nc6 3. Bc4 Bc5 4. c3 Nf6 5. d3 d6 6. b4 Bb6 7. O-O Bg4 8. Nbd2
Qd7 9. Bb2 O-O 10. Qe2 Ne7 11. a4 a6 12. b5 axb5 13. axb5 c6 14. bxc6 bxc6 15.
Rxa8 Rxa8 16. Ra1 Rxa1+ 17. Bxa1 Ng6 1/2-1/2

[Event "XXXV C.to Italiano femminile"]
[Site "Bratto - Castione della Presolana ITA"]
[Date "2008.08.30"]
[Round "9"]
[White "Messina, Roberta"]
[Black "Arnetta, Maria Teresa"]
[Result "1-0"]
[WhiteElo "1904"]
[BlackElo "2011"]
[PlyCount "81"]
[EventDate "2008.08.22"]

1. e4 Nc6 2. d4 d5 3. Nc3 dxe4 4. d5 Nb8 5. Nxe4 Nf6 6. Nc3 g6 7. Be3 Bg7 8.
Qd2 O-O 9. Bc4 a6 10. a3 Nbd7 11. Nf3 Nb6 12. Bb3 Nbd7 13. Bh6 Nc5 14. Bxg7
Nxb3 15. cxb3 Kxg7 16. O-O e6 17. Rad1 exd5 18. Nxd5 Qxd5 19. Qxd5 Nxd5 20.
Rxd5 Be6 21. Rd3 Bf5 22. Rd4 Rfe8 23. g4 Bc2 24. Rc1 Be4 25. Nd2 Bc6 26. Nc4
Re2 27. Na5 Bf3 28. Rf4 Bd5 29. Rd4 Re5 30. f4 Re2 31. Rxd5 b6 32. Nc4 Ra7 33.
Re5 Rxe5 34. Nxe5 c5 35. Rd1 Re7 36. Rd7 Kf8 37. Kf2 f6 38. Rxe7 Kxe7 39. Nc4
b5 40. Nd2 Kd6 41. Ne4+ 1-0

[Event "XXXV C.to Italiano femminile"]
[Site "Bratto - Castione della Presolana ITA"]
[Date "2008.08.30"]
[Round "9"]
[White "Reginato, Sabrina"]
[Black "Monticone, Sonia"]
[Result "1-0"]
[WhiteElo "1808"]
[BlackElo "1787"]
[PlyCount "49"]
[EventDate "2008.08.22"]

1. e4 c5 2. Nf3 e6 3. d4 cxd4 4. Nxd4 a6 5. Be3 Nf6 6. Nc3 Qc7 7. Be2 Bb4 8.
O-O Bxc3 9. bxc3 Nxe4 10. Bd3 Nxc3 11. Qg4 g6 12. Bg5 d6 13. Rae1 e5 14. Qh4
Nd7 15. f4 Qc5 16. fxe5 dxe5 17. Kh1 O-O 18. Nf5 f6 19. Nh6+ Kg7 20. Nf5+ Kh8
21. Bh6 Rf7 22. Ne3 Qd4 23. Qxd4 exd4 24. Nc4 Kg8 25. Nd6 1-0

[Event "XVI C.to Italiano U20"]
[Site "Bratto - Castione della Presolana ITA"]
[Date "2008.08.22"]
[Round "1"]
[White "Andreoni, Giuseppe"]
[Black "Mandelli, Giacomo"]
[Result "1-0"]
[WhiteElo "1993"]
[BlackElo "1602"]
[PlyCount "101"]
[EventDate "2008.08.22"]

1. e4 d6 2. d4 Nf6 3. Nc3 c6 4. Bg5 Nbd7 5. Qd2 h6 6. Be3 e5 7. Nf3 Qc7 8. Bd3
Be7 9. O-O-O a6 10. Rhe1 b5 11. Qe2 b4 12. Na4 c5 13. dxc5 dxc5 14. Nh4 g6 15.
g3 Nb8 16. b3 Bd7 17. Nb2 Nc6 18. Nc4 Nd4 19. Bxd4 cxd4 20. f4 Ng4 21. Nf3 exf4
22. Nxd4 Ne5 23. Nf5 f3 24. Qf2 gxf5 25. exf5 Nxd3+ 26. Rxd3 Qa7 27. Qxf3 Kf8
28. f6 Be6 29. fxe7+ Kxe7 30. Ne5 Kf8 31. Ng6+ Kg7 32. Nxh8 Rxh8 33. Rf1 Rc8
34. Qf6+ Kh7 35. Rd8 Qe3+ 36. Kb1 Rxd8 37. Qxd8 Qe2 38. Qd3+ Qxd3 39. cxd3 Kg6
40. Kb2 Kg5 41. Rf4 a5 42. h4+ Kg6 43. a3 bxa3+ 44. Kxa3 f5 45. Ra4 Kh5 46.
Rxa5 Kg4 47. Ra6 Bd5 48. Rxh6 Kxg3 49. Rf6 f4 50. h5 Kg4 51. h6 1-0

[Event "XVI C.to Italiano U20"]
[Site "Bratto - Castione della Presolana ITA"]
[Date "2008.08.22"]
[Round "1"]
[White "Bellemo, Davide"]
[Black "Gonella, Daniele"]
[Result "1-0"]
[WhiteElo "2055"]
[BlackElo "1739"]
[PlyCount "79"]
[EventDate "2008.08.22"]

1. d4 d5 2. c4 c6 3. Nf3 Nf6 4. Nc3 e6 5. e3 Bd6 6. Bd3 O-O 7. O-O dxc4 8. Bxc4
b5 9. Bd3 Bb7 10. e4 Nfd7 11. Bg5 Be7 12. Bf4 Nb6 13. Rc1 a5 14. Nxb5 cxb5 15.
Bc7 Qe8 16. Bxb6 Nd7 17. Bxb5 Bxe4 18. Ne5 Rd8 19. Bxd8 Qxd8 20. Nxd7 Bd6 21.
g3 Qg5 22. Nxf8 Qxb5 23. Rc8 Bxf8 24. Qc1 Qb7 25. Qc5 h6 26. Rxf8+ Kh7 27. Qc3
Bg2 28. f3 Bxf1 29. Kxf1 e5 30. dxe5 Qb5+ 31. Kf2 Qb6+ 32. Kg2 Qg6 33. Rd8 Qb6
34. Qd3+ g6 35. Qd4 Qb5 36. Kf2 Qc6 37. e6 Qc2+ 38. Qd2 Qc5+ 39. Kg2 Qe7 40.
exf7 1-0

[Event "XVI C.to Italiano U20"]
[Site "Bratto - Castione della Presolana ITA"]
[Date "2008.08.22"]
[Round "1"]
[White "Bonafede, Alessandro"]
[Black "Cuppone, Damiano"]
[Result "1-0"]
[WhiteElo "2329"]
[BlackElo "1921"]
[PlyCount "59"]
[EventDate "2008.08.22"]

1. e4 c5 2. Nf3 e6 3. d4 cxd4 4. Nxd4 Nf6 5. Nc3 d6 6. g4 h6 7. h4 Nc6 8. Rg1
h5 9. gxh5 Nxh5 10. Bg5 Nf6 11. Qd2 Qb6 12. Nb3 Bd7 13. O-O-O a6 14. Bh3 O-O-O
15. f4 Kb8 16. Qe2 Qc7 17. Rgf1 Be7 18. Bg2 Nh5 19. Bxe7 Nxe7 20. Rf3 d5 21. e5
Nf5 22. Qf2 g6 23. Ne2 Ba4 24. Nc5 Bb5 25. Rb3 Rc8 26. Rc3 Qe7 27. Nd4 Qxh4 28.
Qxh4 Nxh4 29. Nxb5 axb5 30. Nd7+ 1-0

[Event "XVI C.to Italiano U20"]
[Site "Bratto - Castione della Presolana ITA"]
[Date "2008.08.22"]
[Round "1"]
[White "Cantu', Guido"]
[Black "Pomaro, Alberto"]
[Result "0-1"]
[WhiteElo "1896"]
[BlackElo "2246"]
[PlyCount "60"]
[EventDate "2008.08.22"]

1. e4 c5 2. Nf3 d6 3. d4 cxd4 4. Nxd4 Nf6 5. Nc3 a6 6. Be3 e5 7. Nb3 Be6 8. f3
h5 9. Qd2 Nbd7 10. O-O-O Be7 11. Kb1 b5 12. Nd5 Bxd5 13. exd5 Nb6 14. Bxb6 Qxb6
15. Na5 Rc8 16. Nc6 Bf8 17. Be2 g6 18. Rhe1 Bh6 19. Qb4 Qc7 20. c4 bxc4 21.
Bxc4 O-O 22. Rd3 Ra8 23. Red1 e4 24. Rb3 exf3 25. gxf3 Qd7 26. Qb7 Qf5+ 27. Ka1
Qc2 28. Ne7+ Kh8 29. Rg1 Qxc4 30. Rb4 Qc5 0-1

[Event "XVI C.to Italiano U20"]
[Site "Bratto - Castione della Presolana ITA"]
[Date "2008.08.22"]
[Round "1"]
[White "Capito', Mario"]
[Black "Delledonne, Francesco"]
[Result "0-1"]
[WhiteElo "1455"]
[BlackElo "1943"]
[PlyCount "58"]
[EventDate "2008.08.22"]

1. c4 Nf6 2. Nc3 g6 3. Nf3 Bg7 4. d3 O-O 5. g3 d6 6. Bg2 e5 7. Bd2 h6 8. Rc1 c5
9. e4 Nc6 10. Nd5 Nxd5 11. cxd5 Ne7 12. b4 b6 13. Bc3 f5 14. Nd2 f4 15. a4 g5
16. h3 Ng6 17. Nc4 Qf6 18. Rc2 Bd7 19. b5 Rf7 20. Qa1 h5 21. Qb2 Raf8 22. a5
fxg3 23. fxg3 h4 24. axb6 axb6 25. Nxb6 hxg3 26. Nxd7 Rxd7 27. Rf1 Nf4 28. Kd2
Qh6 29. Bf3 Nxh3 0-1

[Event "XVI C.to Italiano U20"]
[Site "Bratto - Castione della Presolana ITA"]
[Date "2008.08.22"]
[Round "1"]
[White "Cinque, Antonio"]
[Black "Fossati, Remigio"]
[Result "0-1"]
[WhiteElo "1867"]
[BlackElo "2191"]
[PlyCount "65"]
[EventDate "2008.08.22"]

1. e4 c5 2. Nc3 e6 3. f4 d5 4. Bb5+ Nc6 5. Nf3 Nf6 6. Qe2 Be7 7. d3 O-O 8. O-O
Nd4 9. Nxd4 cxd4 10. Nd1 Qb6 11. e5 Qxb5 12. exf6 Bxf6 13. Nf2 Be7 14. Ng4 f6
15. Rf3 Bd7 16. f5 Bd6 17. a4 Qc6 18. fxe6 Rae8 19. Qf2 Bxe6 20. h3 Rc8 21. Bf4
Bb4 22. Rc1 Qxa4 23. Rg3 Kh8 24. Kh2 Qa2 25. h4 h5 26. Nh6 gxh6 27. Bxh6 Bd6
28. Bf4 Qa6 29. Rg6 Bg4 30. Ra1 Qb6 31. Rxa7 Bxf4+ 32. Qxf4 Qc7 33. Rh6+ 0-1

[Event "XVI C.to Italiano U20"]
[Site "Bratto - Castione della Presolana ITA"]
[Date "2008.08.22"]
[Round "1"]
[White "Ferrante, Marco"]
[Black "Ghedin, Emanuele"]
[Result "1-0"]
[WhiteElo "2142"]
[BlackElo "1824"]
[PlyCount "69"]
[EventDate "2008.08.22"]

1. e4 c6 2. d4 d5 3. Nc3 dxe4 4. Nxe4 Bf5 5. Ng3 Bg6 6. h4 h6 7. Nf3 Nd7 8. h5
Bh7 9. Bd3 Bxd3 10. Qxd3 Qc7 11. Bd2 e6 12. Ne4 Ngf6 13. O-O-O O-O-O 14. g3
Nxe4 15. Qxe4 Bd6 16. c4 Nf6 17. Qe2 c5 18. Bc3 cxd4 19. Nxd4 a6 20. Kb1 Kb8
21. Nf3 Qe7 22. Ne5 Rhg8 23. Rd3 Bc7 24. Bd4 Nd7 25. Nxd7+ Rxd7 26. Rhd1 Rdd8
27. Rb3 e5 28. Qe4 Bd6 29. Bb6 Rd7 30. Rbd3 Qe6 31. c5 f5 32. Qd5 Qxd5 33. Rxd5
Bxc5 34. Bxc5 Rc7 35. Bd6 1-0

[Event "XVI C.to Italiano U20"]
[Site "Bratto - Castione della Presolana ITA"]
[Date "2008.08.22"]
[Round "1"]
[White "Franciosi, Fausto"]
[Black "Sellitti, Federico"]
[Result "0-1"]
[WhiteElo "1850"]
[BlackElo "2158"]
[PlyCount "52"]
[EventDate "2008.08.22"]

1. d4 Nf6 2. c4 e6 3. Nf3 b6 4. a3 Be7 5. Nc3 Bb7 6. Qc2 d5 7. cxd5 exd5 8. Bg5
O-O 9. e3 Ne4 10. Bf4 c5 11. Bd3 f5 12. h4 a6 13. g3 Nc6 14. Kf1 Kh8 15. Kg2
Bf6 16. Rad1 cxd4 17. Bxe4 dxe4 18. Nxd4 Bxd4 19. exd4 Qd7 20. Be3 Ne7 21. Qb3
f4 22. Bxf4 Rxf4 23. gxf4 e3+ 24. d5 Qg4+ 25. Kf1 Qf3 26. Rh2 e2+ 0-1

[Event "XVI C.to Italiano U20"]
[Site "Bratto - Castione della Presolana ITA"]
[Date "2008.08.22"]
[Round "1"]
[White "Grandinetti, Pietro"]
[Black "Laudisa, Antonio"]
[Result "0-1"]
[WhiteElo "2011"]
[BlackElo "1646"]
[PlyCount "92"]
[EventDate "2008.08.22"]

1. e4 c5 2. Nf3 Nc6 3. Bb5 a6 4. Bxc6 bxc6 5. O-O d6 6. h3 e5 7. d3 Nf6 8. Nbd2
h6 9. Nc4 Be6 10. Qe2 Be7 11. Bd2 a5 12. a4 O-O 13. Rad1 Qc7 14. Rfe1 Nd7 15.
Bc3 f5 16. Nfd2 f4 17. Nf3 Nb6 18. b3 Nd7 19. Qd2 Bd8 20. Nh2 Nf6 21. Nf3 Nd7
22. Qe2 Kh7 23. Ba1 Be7 24. Nfd2 Nb6 25. Qf3 g5 26. Nf1 Nd7 27. Nh2 Nf6 28. Qe2
Rg8 29. d4 cxd4 30. c3 c5 31. Rc1 g4 32. hxg4 Nxg4 33. cxd4 Nxh2 34. Kxh2 f3
35. Qxf3 Raf8 36. Qe2 Bg5 37. Ne3 Bf4+ 38. g3 Qe7 39. dxe5 Qh4+ 40. Kg1 Rxg3+
41. fxg3 Qxg3+ 42. Qg2 Bxe3+ 43. Kh1 Qh4+ 44. Qh2 Qxe4+ 45. Qg2 Qh4+ 46. Qh2
Bd5# 0-1

[Event "XVI C.to Italiano U20"]
[Site "Bratto - Castione della Presolana ITA"]
[Date "2008.08.22"]
[Round "1"]
[White "Guidi, Giacomo"]
[Black "Lettieri, Giuseppe"]
[Result "0-1"]
[WhiteElo "1526"]
[BlackElo "2322"]
[PlyCount "54"]
[EventDate "2008.08.22"]

1. e4 c5 2. c3 d6 3. d4 Nf6 4. dxc5 Nc6 5. cxd6 Nxe4 6. Nf3 Nxd6 7. Be2 e5 8.
O-O Be7 9. Re1 O-O 10. Bd3 Bg4 11. Nbd2 Bf6 12. Ne4 Nxe4 13. Bxe4 Qe7 14. h3
Bd7 15. Qe2 Rfe8 16. Be3 g6 17. Bh6 Rad8 18. Rad1 Be6 19. b3 Bf5 20. Rxd8 Qxd8
21. Bxf5 gxf5 22. Rd1 Qe7 23. Qc4 Rd8 24. Rxd8+ Qxd8 25. h4 e4 26. Ng5 Ne5 27.
Qb5 Ng4 0-1

[Event "XVI C.to Italiano U20"]
[Site "Bratto - Castione della Presolana ITA"]
[Date "2008.08.22"]
[Round "1"]
[White "Marincolo, Piercarlo"]
[Black "Caldonazzo, Matteo"]
[Result "1/2-1/2"]
[WhiteElo "1945"]
[BlackElo "1515"]
[PlyCount "142"]
[EventDate "2008.08.22"]

1. d4 Nf6 2. Bg5 e6 3. e3 d5 4. Nf3 Be7 5. Bd3 Nbd7 6. Nbd2 c5 7. c3 O-O 8. O-O
b6 9. Qe2 Bb7 10. Rad1 Ne4 11. Bxe7 Qxe7 12. Ne5 Nxe5 13. dxe5 f5 14. exf6 Nxf6
15. e4 Rae8 16. e5 Nd7 17. f4 Qh4 18. g3 Qh3 19. Nf3 Qh5 20. Qe3 d4 21. cxd4
Bxf3 22. Rxf3 cxd4 23. Qf2 Nxe5 24. Be4 Nxf3+ 25. Bxf3 Qc5 26. Be4 e5 27. f5 g6
28. g4 Qe7 29. Kh1 g5 30. Rf1 Kg7 31. Qg3 h6 32. Qh3 Rf6 33. Qg2 Rd8 34. Rf3
Qf7 35. Qc2 Qe7 36. b4 Rd7 37. Qc8 Rc7 38. Qb8 Rc1+ 39. Kg2 Qc7 40. Qe8 Qf7 41.
Qxe5 Qxa2+ 42. Kh3 Qc4 43. Bd5 Qxb4 44. Qe8 Qf8 45. Qd7+ Kh8 46. Be4 Rc3 47.
Bd3 Qd6 48. Qxa7 Rxd3 49. Rxd3 Qf4 50. Qa8+ Kg7 51. Rf3 Qc7 52. Qe4 Qc6 53.
Qe7+ Rf7 54. Qe5+ Qf6 55. Qd5 Re7 56. Kg2 Re3 57. Qd7+ Re7 58. Qd5 Re3 59. Rxe3
dxe3 60. Qd7+ Kf8 61. Qc8+ Kg7 62. Qb7+ Kg8 63. Qd5+ Kg7 64. Qd7+ Kf8 65. Kf3
Qe5 66. Qd8+ Kf7 67. Qd7+ Kf8 68. Qc8+ Kf7 69. Qb7+ Kf8 70. Qc8+ Kf7 71. Qd7+
Kf8 1/2-1/2

[Event "XVI C.to Italiano U20"]
[Site "Bratto - Castione della Presolana ITA"]
[Date "2008.08.22"]
[Round "1"]
[White "Marsili, Riccardo"]
[Black "Lapenna, Antonio"]
[Result "0-1"]
[WhiteElo "1817"]
[BlackElo "2118"]
[PlyCount "50"]
[EventDate "2008.08.22"]

1. e4 c5 2. Nf3 d6 3. d4 Nf6 4. Nc3 cxd4 5. Nxd4 g6 6. f3 Nc6 7. Be3 Bg7 8. Qd2
O-O 9. O-O-O d5 10. Nxc6 bxc6 11. exd5 Nxd5 12. Nxd5 cxd5 13. Qxd5 Qc7 14. Qc5
Qb8 15. Bd4 Bf5 16. Ba6 Qf4+ 17. Kb1 Rac8 18. Bxc8 Rxc8 19. Be3 Qb8 20. b3 Rxc5
21. Bxc5 Qc8 22. b4 a5 23. a3 axb4 24. axb4 Qa8 25. Bd4 Qa4 0-1

[Event "XVI C.to Italiano U20"]
[Site "Bratto - Castione della Presolana ITA"]
[Date "2008.08.22"]
[Round "1"]
[White "Picasso, Filippo"]
[Black "Codenotti, Marco"]
[Result "0-1"]
[WhiteElo "1659"]
[BlackElo "2055"]
[PlyCount "46"]
[EventDate "2008.08.22"]

1. d4 Nf6 2. c4 g6 3. Nc3 Bg7 4. Nf3 d6 5. Bf4 O-O 6. e3 Nh5 7. Bg3 c5 8. Be2
Nc6 9. O-O Nxg3 10. fxg3 Bh6 11. dxc5 Bxe3+ 12. Kh1 dxc5 13. Nd5 Bh6 14. Qc2
Bf5 15. Bd3 Bxd3 16. Qxd3 e6 17. Nf4 Qxd3 18. Nxd3 b6 19. Rad1 Rad8 20. a3 Rd7
21. Nde5 Nxe5 22. Rxd7 Nxd7 23. Rd1 Nf6 0-1

[Event "XVI C.to Italiano U20"]
[Site "Bratto - Castione della Presolana ITA"]
[Date "2008.08.22"]
[Round "1"]
[White "Piccirillo, Edoardo"]
[Black "Rombaldoni, Brian"]
[Result "1-0"]
[WhiteElo "2111"]
[BlackElo "1797"]
[PlyCount "83"]
[EventDate "2008.08.22"]

1. d4 c6 2. c4 d5 3. Nc3 Nf6 4. Nf3 Bf5 5. e3 e6 6. Be2 h6 7. O-O Bd6 8. c5 Be7
9. b4 b6 10. Bb2 a5 11. a3 Nbd7 12. Nh4 Bh7 13. f4 bxc5 14. bxc5 Rb8 15. Ra2
Ne4 16. Nxe4 dxe4 17. g3 Bxh4 18. gxh4 Qxh4 19. Bc3 Rg8 20. Be1 Qd8 21. Qa4 g5
22. Bg3 gxf4 23. Rxf4 Qc7 24. Ra1 e5 25. Rg4 Rxg4 26. Bxg4 f6 27. Rf1 Ke7 28.
Bxd7 Qxd7 29. dxe5 fxe5 30. Bh4+ Ke8 31. Qxa5 Qc8 32. Qc3 Qe6 33. Bg3 Rb3 34.
Qa5 Rxe3 35. Qa8+ Kd7 36. Qb7+ Ke8 37. Qxh7 Rxa3 38. Qh8+ Kd7 39. Qg7+ Qe7 40.
Rf7 Ra1+ 41. Kg2 Ra2+ 42. Kh3 1-0

[Event "XVI C.to Italiano U20"]
[Site "Bratto - Castione della Presolana ITA"]
[Date "2008.08.22"]
[Round "1"]
[White "Pulcini, Giorgio"]
[Black "Altini, Nicola"]
[Result "0-1"]
[WhiteElo "1676"]
[BlackElo "2007"]
[PlyCount "64"]
[EventDate "2008.08.22"]

1. e4 e5 2. Nf3 Nc6 3. Bc4 Bc5 4. Nc3 d6 5. O-O Bg4 6. d3 Nd4 7. Bxf7+ Kxf7 8.
Nxe5+ dxe5 9. Qxg4 Nf6 10. Qd1 Rf8 11. Be3 Kg8 12. f4 Qe7 13. fxe5 Qxe5 14. Kh1
Bd6 15. g3 Bb4 16. Ne2 Nxe2 17. Qxe2 Bc5 18. Bf4 Qxb2 19. Bxc7 Rac8 20. Rab1
Qxa2 21. Rxb7 Qa6 22. Rfb1 Bb6 23. R7xb6 axb6 24. Bd6 Rfe8 25. Rf1 Rxe4 26. Qf3
Ree8 27. g4 b5 28. Bb4 Rxc2 29. g5 Ree2 30. Qg3 Qc6+ 31. Kg1 Rg2+ 32. Qxg2
Qxg2# 0-1

[Event "XVI C.to Italiano U20"]
[Site "Bratto - Castione della Presolana ITA"]
[Date "2008.08.22"]
[Round "1"]
[White "Rizza, Francesco"]
[Black "Dvirnyy, Danyyil"]
[Result "0-1"]
[WhiteElo "1924"]
[BlackElo "2358"]
[PlyCount "58"]
[EventDate "2008.08.22"]

1. d4 Nf6 2. c4 g6 3. Nc3 Bg7 4. e4 O-O 5. Nf3 d6 6. Be2 e5 7. d5 a5 8. Bg5 h6
9. Bh4 Qe8 10. Nd2 Nh7 11. f3 Na6 12. O-O h5 13. a3 Bd7 14. b3 Bh6 15. Kh1 Be3
16. Rb1 Bc5 17. Qc1 c6 18. dxc6 bxc6 19. Na2 Qb8 20. b4 axb4 21. axb4 Nxb4 22.
Nxb4 Bxb4 23. c5 Ra2 24. Qc4 Be6 25. Rxb4 Bxc4 26. Rxb8 Bxe2 27. Rfb1 Rxd2 28.
cxd6 Rxb8 29. Rxb8+ Kg7 0-1

[Event "XVI C.to Italiano U20"]
[Site "Bratto - Castione della Presolana ITA"]
[Date "2008.08.22"]
[Round "1"]
[White "Rombaldoni, Axel"]
[Black "Piccoli, Vincenzo"]
[Result "1/2-1/2"]
[WhiteElo "2374"]
[BlackElo "1932"]
[PlyCount "144"]
[EventDate "2008.08.22"]

1. e4 c5 2. Nf3 d6 3. d4 cxd4 4. Nxd4 Nf6 5. Nc3 a6 6. Be3 e6 7. a4 Nbd7 8. g3
b6 9. Bg2 Bb7 10. O-O Qc7 11. Re1 Be7 12. f4 O-O 13. Bf2 Rfd8 14. g4 Nc5 15. g5
Ne8 16. Qg4 Bf8 17. f5 exf5 18. Nxf5 Nd7 19. Ne3 Ne5 20. Qg3 g6 21. Rad1 Qb8
22. Ned5 Bxd5 23. Nxd5 b5 24. Nb6 Ra7 25. axb5 Rb7 26. Nd5 axb5 27. Ra1 Bg7 28.
c3 Nc4 29. b3 Ne5 30. Red1 Nc7 31. Nb4 Ne6 32. Rd5 Nc7 33. Rd2 Ne6 34. Rad1
Rbd7 35. Nd5 Nc5 36. Ne7+ Kh8 37. Nc6 Nxc6 38. Bxc5 Ne5 39. Bd4 Qc7 40. Ra2 Qc6
41. h4 Ra8 42. Rxa8+ Qxa8 43. h5 gxh5 44. Qh3 Ra7 45. Qxh5 Ra1 46. Kh2 Rxd1 47.
Qxd1 Qb8 48. Kh1 Qc8 49. Qf1 Qb7 50. Qa1 Kg8 51. Qa3 Qe7 52. Qa8+ Bf8 53. Be3
Qc7 54. Qa1 Ng4 55. Bd4 Qe7 56. Qc1 Qe6 57. b4 Ne5 58. Qf1 Qd7 59. Qf4 Qc7 60.
Bf1 Qb8 61. Be2 Bg7 62. Qf1 Qb7 63. Qg2 Qc6 64. Bf1 Qb7 65. Qe2 Qc6 66. Bg2 Qb7
67. Kg1 Qd7 68. Kf1 Nc4 69. Kg1 Ne5 70. Bf1 Qb7 71. Qxb5 Nf3+ 72. Kf2 Qxb5
1/2-1/2

[Event "XVI C.to Italiano U20"]
[Site "Bratto - Castione della Presolana ITA"]
[Date "2008.08.22"]
[Round "1"]
[White "Serri, Cristiano"]
[Black "Gallana, Marco"]
[Result "0-1"]
[WhiteElo "1542"]
[BlackElo "1960"]
[PlyCount "86"]
[EventDate "2008.08.22"]

1. e4 c6 2. c4 e6 3. Nc3 d5 4. d4 Bb4 5. e5 dxc4 6. Bxc4 b5 7. Be2 Nd7 8. a3
Bxc3+ 9. bxc3 Nb6 10. Be3 Bb7 11. Nf3 Ne7 12. Bg5 a6 13. O-O Rc8 14. Nd2 c5 15.
Nb3 cxd4 16. cxd4 Na4 17. Rc1 Nc3 18. Qd3 Nxe2+ 19. Qxe2 Qd5 20. Rxc8+ Nxc8 21.
Qf3 Qxf3 22. gxf3 Bxf3 23. Rc1 O-O 24. Nc5 h6 25. Bd2 Nb6 26. Bb4 Nd5 27. Nxa6
Rd8 28. Bd6 Nf4 29. Rb1 Ne2+ 30. Kf1 Nxd4 31. Nc7 Be2+ 32. Ke1 Bc4 33. Kd2 f6
34. Kc3 fxe5 35. Bxe5 Nc6 36. Nxe6 Rd3+ 37. Kc2 Nxe5 38. Nc7 Rd7 39. Nxb5 Bd3+
40. Kc1 Bxb1 41. Kxb1 Rd2 42. f4 Nc4 43. a4 Rxh2 0-1

[Event "XVI C.to Italiano U20"]
[Site "Bratto - Castione della Presolana ITA"]
[Date "2008.08.22"]
[Round "1"]
[White "Stella, Andrea"]
[Black "Sfera, Mattia"]
[Result "1-0"]
[WhiteElo "2209"]
[BlackElo "1893"]
[PlyCount "95"]
[EventDate "2008.08.22"]

1. d4 Nf6 2. c4 g6 3. Nc3 Bg7 4. e4 d6 5. Be2 O-O 6. Nf3 e5 7. O-O Nc6 8. d5
Ne7 9. b4 Ne8 10. c5 f5 11. Nd2 Nf6 12. f3 f4 13. Nc4 g5 14. Ba3 Ng6 15. b5 Ne8
16. b6 axb6 17. cxb6 cxb6 18. Qb3 h5 19. Rab1 g4 20. fxg4 hxg4 21. Nxb6 g3 22.
hxg3 fxg3 23. Rxf8+ Bxf8 24. Nxa8 Qh4 25. Qb6 Nf4 26. Kf1 Nxg2 27. Bf3 Nf4 28.
Ne2 Qh3+ 29. Ke1 g2 30. Rb3 Qh1+ 31. Qg1 Nxe2 32. Qxh1 gxh1=Q+ 33. Bxh1 Nd4 34.
Rg3+ Kf7 35. Nb6 Bg4 36. Rxg4 Nc2+ 37. Kf2 Nxa3 38. Rg3 Nb5 39. Rf3+ Kg6 40.
Rxf8 Nf6 41. Rxf6+ Kxf6 42. Nc8 Nc3 43. Nxd6 Nxa2 44. Nxb7 Ke7 45. d6+ Ke8 46.
Bf3 Nc3 47. Bh5+ Kd7 48. Bg4+ 1-0